[Event "Wohlen op 3rd"]
[Site "Wohlen"]
[Date "2022.08.21"]
[Round "4"]
[White "Rocco, Michele"]
[Black "Saminskij, Jan"]
[Result "1-0"]
[WhiteElo "1748"]
[BlackElo "1461"]
[PlyCount "47"]
[EventDate "2022.08.19"]
[EventType "swiss"]
[EventRounds "5"]
[EventCountry "SUI"]
[SourceTitle "CBM 210 Extra"]
[Source "ChessBase"]
[SourceDate "2022.11.30"]
[SourceVersion "1"]
[SourceVersionDate "2022.11.30"]
[SourceQuality "1"]

1. e4 e5 2. Nf3 Nf6 3. Bc4 Nxe4 4. Nc3 Nf6 5. Nxe5 d5 6. Bb3 c6 7. 0-0 Bd6 8. d4 0-0 9. Bg5 Nbd7 10. f4 h6 11. Bh4 g5 12. fxg5 Nxe5 13. gxf6 Ng4 14. h3 Ne3 15. Qh5 Kh7 16. Rf3 Rg8 17. Qxf7+ Kh8 18. Rxe3 Qb6 19. Qh5 Bf4 20. Rd3 Bd7 21. Ne2 Be8 22. f7 Bxf7 23. Qxf7 Raf8 24. Bf6+ 1-0